000
00295nam a2200121Ia 4500
008
240624s9999 xx 000 0 und d
041
_a
eng
082
_a
301.113 SCH
100
_a
SCHELLING THOMAS C
245
_a
MICROMOTIVES AND MACROBEHAVIOR
260
_c
2006
300
_a
270 , p. , 21 : cm.
999
_c
28825
_d
28825